|
|
|
|
| LEADER |
00000nam0a2200000 4500 |
| 001 |
677674 |
| 005 |
20241219161730.0 |
| 090 |
|
|
|a 677674
|
| 100 |
|
|
|a 20241219d1978 km|y0rusy50 ca
|
| 101 |
0 |
|
|a rus
|
| 102 |
|
|
|a RU
|
| 181 |
|
0 |
|a i
|b e
|
| 182 |
|
0 |
|a n
|
| 183 |
|
0 |
|a nc
|2 RDAcarrier
|
| 200 |
1 |
|
|a Добыча руд и охрана природы
|e межвузовский сборник
|f Новочеркасский политехнический институт им. Серго Орджоникидзе
|
| 203 |
|
|
|a Текст
|b визуальный
|c непосредственный
|
| 210 |
|
|
|a Новочеркасск
|c [б. и.]
|d 1978
|
| 215 |
|
|
|a 130 с.
|c ил.
|
| 283 |
|
|
|a volume
|2 RDAcarrier
|
| 320 |
|
|
|a Литература в конце статей
|
| 606 |
1 |
|
|a Полезные ископаемые
|x Добыча
|9 68824
|
| 610 |
1 |
|
|a горные работы
|
| 610 |
1 |
|
|a рудовмещающие породы
|
| 610 |
1 |
|
|a почвенный горизонт
|
| 610 |
1 |
|
|a рудные месторождения
|
| 610 |
1 |
|
|a выемка руды
|
| 610 |
1 |
|
|a недра
|
| 610 |
1 |
|
|a цветные металлы
|
| 675 |
|
|
|a 622.3
|v 4
|
| 712 |
0 |
2 |
|a Новочеркасский политехнический институт им. Серго Орджоникидзе
|c (1948-1993)
|4 570
|9 23289
|
| 801 |
|
0 |
|a RU
|b 63413507
|c 20241219
|
| 830 |
|
|
|a Ретро2024Каталогизация Мотырева
|
| 850 |
|
|
|a 63413507
|
| 942 |
|
|
|c BK
|